000 00284 a2200133 4500
001 194724
040 _cMagnum
100 _aReis, Ricardo
240 1 0 _aPoemas de Ricardo Reis
_lpor
245 1 0 _aPoemas de Ricardo Reis
300 _a52
697 _aLITERATURA GERAL
942 _cBK
999 _c194724
_d194724